000 00357pab a2200157 454500
008 180718b1983 xxu||||| |||| 00| 0 eng d
100 _aYukl, Gary
245 _aThe effective use of managerial power
260 _c1983
300 _a37-44
362 _aMar.-Apr.
650 _aExecutives
700 _aTorr, Taber
773 _aPersonnel
909 _a7901
999 _c7901
_d7901